00330pam a2200133a 44500008004100000020002900041082001500070100001700085245002900102250001500131260003000146300001100176502000900187230405s2017 xxu||||| |||| 00| 0 eng d a9788123925271cRs. 350/- a641.1bSHA aSharma, D.C. aNutritional Biochemistry a1st Ed.RP. aNew DelhibCBS Pub.c2017 a178 p. atext